Culture Générale - Série 718 - Statistiques

Statistiques générales
  • Ce quiz a été pris 176 fois
  • Le résultat moyen est 8 sur 10
Statistiques - réponses
Question Réponse % Correct
Complétez le titre du film réalisé en 1988 par Etienne Chatiliez "La vie est un long ... fleuve tranquille
96%
e 4 juin 1958, le général de Gaulle a commencé son discours à Alger par : "Je vous ai... compris
95%
Complétez le titre du roman de Gustave Flaubert "L'éducation ... sentimentale
90%
Dans quel pays se trouvent les villes de Göteborg et de Halmstad ? Suède
90%
Quel mot désigne un espace de repos en bordure d'autoroute et le nid d'un aigle ? aire
86%
Quel était le prénom du savant anglais Newton qui a fondé la théorie de l'attraction universelle ? Isaac
83%
Quel adjectif qualifie la rubrique annonçant les décès ? nécrologique
71%
Femme à la beauté légendaire, elle fut l'épouse du pharaon Akhénaton. Qui est-elle ? Néfertiti
69%
A quel compositeur viennois doit-on l'opérette : "La Chauve-souris" en 1874 ? Johann Strauss
44%
Quel écrivain américain a publié la nouvelle : "Les Neiges du Kilimandjaro" en 1936 ? Ernest Hemingway
39%
Aucun quiz correspondant
Distribution des résultats
% des personnes avec chaque résultat
Percentile par nombre de réponses
Votre historique - résultats
Vous n’avez pas pris ce quiz